00422nam a22001337a 450000500170000000800410001702000180005805000250007608200250010110000160012624500560014226000560019830000340025420140310183629.0131115b xxu||||| |||| 00| 0 eng d a9789710727186 aDS 675.8b.R627 2011 aFIL 809.83bR52 1999 aRizal, Jose aEl Filibusterismo :bAlab ng Lahi /cDr. Jose Rizal aQuezon City :bVibal Publishing House, Inc.,c2011. a266 p. :bcol. ill. ;c26 cm.